[Event "MCR senioru 2020 nad 80 let"]
[Site "Rychnov n. K."]
[Date "2020.08.08"]
[Round "1"]
[White "Hadamek, Miroslav"]
[Black "Holecek, Vladimir"]
[Result "0-1"]
[WhiteElo "1649"]
[BlackElo "1904"]
[EventDate "2020.08.08"]

1. Nf3  d5  2. c4  e6
3. g3  Nf6  4. Bg2
c5  5. O-O  Nc6
6. b3  Be7  7. Bb2  d4
8. d3  O-O 9. e3 dxe3  10. fxe3
Ng4  11. Qe2  Bf6
12. Bxf6  Nxf6  13. Rd1
e5  14. Nc3  Bg4
15. Rd2  Qd7  16. Qf2
Rad8  17. Rad1  h6
18. h3  Bxh3  19. Bxh3
Qxh3  20. Nh2  Qe6
21. Ne4  Nxe4  22. dxe4
Rxd2  23. Rxd2  Qg6
24. Qf3  Re8  25. Kg2
Re6  26. Qf5  Qxf5
27. exf5  Re7  28. a3
e4  29. Rd5  b6
30. Nf1  Ne5  31. Nd2  Ng4
32. Nf1  Rc7  33. Kh3
Nf6  34. Rd8+  Kh7
35. Nd2  g6  36. fxg6+
fxg6  37. g4  Kg7
38. Kg3  g5  39. Rd6
Kf7  40. Rd8  Ke7
41. Rh8  Rd7  0-1

[Event "MCR senioru 2020 nad 80 let"]
[Site "Rychnov n. K."]
[Date "2020.08.08"]
[Round "1"]
[White "Prachar, Josef"]
[Black "Walter, Jaroslav"]
[Result "1-0"]
[WhiteElo "1792"]
[BlackElo "1630"]
[EventDate "2020.08.08"]

1. d4  d5  2. c4  Nf6
3. cxd5  Nxd5  4. Nf3
Bf5  5. Nc3  Nxc3
6. bxc3  e6  7. Qb3
b6  8. e3  Bd6
9. Be2  O-O  10. Nd2  Qg5
11. Bf3  c6  12. e4
Bg6  13. e5  Bc7
14. Ne4  Qd8  15. Ba3
Bxe4  16. Bxe4  Re8
17. Qc2  g6  18. h4
f6  19. Bxg6  hxg6
20. Qxg6+  Kh8  21. Qh6+
Kg8  22. Rh3  1-0

[Event "MCR senioru 2020 nad 80 let"]
[Site "Rychnov n. K."]
[Date "2020.08.08"]
[Round "1"]
[White "Matoulek, Jaroslav"]
[Black "Vlasak, Ladislav"]
[Result "0-1"]
[WhiteElo "1560"]
[BlackElo "1765"]
[EventDate "2020.08.08"]

1. e4  e6  2. d4  d5
3. exd5  exd5  4. Nf3
Nc6  5. c3  Bd6
6. Be3  Nf6  7. Nbd2  Bf5
8. h3  O-O  9. Be2
Re8  10. Nf1  Ne4
11. Qb3  Bf8  12. N3d2
Na5  13. Qd1  Qe7
14. Bg4  Bg6  15. Nxe4
Bxe4  16. Bf3  f5
17. Bxe4  Qxe4  18. Qf3
Qxf3  19. gxf3  f4
20. O-O-O  fxe3  21. Nxe3 c6
22. b4  Nc4  23. Nxc4
dxc4  24. Rhe1  g6
25. Kc2  Bh6  26. Re4
Rxe4  27. fxe4  Rf8
28. Rf1  Rf3  29. e5
Kf7  30. a4  a6
31. b5  axb5 32. axb5 Ke6  33. bxc6
bxc6  34. Kb2  Kd5
35. h4  Be3  36. Ka3
Rxf2  37. Rg1  Rc2
38. Rg5  0-1

[Event "MCR senioru 2020 nad 50 let"]
[Site "Rychnov n. K."]
[Date "2020.08.09"]
[Round "2"]
[White "Richter, Martin"]
[Black "Bartos, Jan"]
[Result "1/2-1/2"]
[WhiteElo "1952"]
[BlackElo "2131"]
[EventDate "2020.08.08"]

1. e4  e6  2. d4  d5
3. e5  c5  4. c3
Nc6  5. Nf3  Bd7
6. Be2  Nge7  7. O-O
Ng6  8. g3  cxd4
9. cxd4  Be7  10. h4
O-O  11. h5  Nh8
12. Nc3  f6  13. Be3
Nf7  14. exf6  Bxf6
15. Rc1  Nd6  16. Bd3
Be8  17. g4  e5
18. dxe5  Nxe5  19. Nxe5  Bxe5
20. f4  Bxc3  21. Rxc3
Ne4  22. Bxe4  dxe4
23. Kg2  Bc6  24. Kg3
Qxd1  25. Rxd1  Rad8
26. Rcc1  a6  1/2-1/2

[Event "MCR senioru 2020 nad 50 let"]
[Site "Rychnov n. K."]
[Date "2020.08.09"]
[Round "2"]
[White "Mazanek, Kamil"]
[Black "Bracha, Pavel"]
[Result "1-0"]
[WhiteElo "2052"]
[BlackElo "1843"]
[EventDate "2020.08.08"]

1. c4  c5  2. Nc3  Nc6
3. Nf3  Nf6  4. d4
cxd4  5. Nxd4  e5
6. Nf3  Bc5  7. e3
O-O  8. Be2  Bb4
9. Bd2  d5  10. a3
Ba5  11. b4  Bc7
12. cxd5  Nxd5  13. Nxd5
Qxd5  14. Bc3  Qe6
15. Qc2  Bd8  16. b5
Na5  17. Bxe5  Bf6
18. Bxf6  Qxf6  19. Nd4
Be6  20. O-O  Rac8
21. Qa4  b6  22. Rac1
Qg6  23. Qb4  Qf6
24. Rfd1  Bd5  25. Bf3
Bxf3  26. Nxf3  h6
27. h3  Qe6  28. Nd4
Qe5  29. Rc3  Rxc3
30. Qxc3  Rd8  31. Rc1
Qg5  32. Qc7  Kh7
33. Rc3  Qd5  34. Qxa7
Nc4  35. Qc7  Nd2
36. Qxb6  Qa2  37. Rc1
Rc8  38. Rd1  Ne4
39. Rf1  Nd2  40. Qb7
Nxf1  41. Qxc8  Qa1
42. h4  Nxe3+  43. Kh2
Nf1+  44. Kh3  Qxd4
45. Qf5+  Kg8  46. Qc8+
Kh7  47. Qf5+  Kg8
48. Qc8+  Kh7  49. Qc2+
Kg8  50. Qe2  Nd2
51. b6  Nb3  52. Qb5
Nc5  53. Qe8+  Kh7
54. Qxf7  Qe4  55. f3
Qc6  56. Qc7  Qe6+
57. Kh2  Qe3  58. b7
Nxb7  59. Qxb7  Qxa3
60. Qe4+  Kh8  61. Qe5
Qb4  62. Kg3  Qd2
63. Qf4  Qa5  64. Qf8+
Kh7  65. Kg4  Qd2
66. Qf5+  Kg8  67. Qe6+
Kh8  68. g3  Qd4+
69. Qe4  Qd7+  70. Qf5
Qd4+  71. Kh5  Qd6
72. g4  Qe7  73. g5
hxg5  74. hxg5  Qe1
75. Qc8+  1-0

[Event "MCR senioru 2020 nad 50 let"]
[Site "Rychnov n. K."]
[Date "2020.08.09"]
[Round "2"]
[White "Kozak, Karel"]
[Black "Pan, Vladimir"]
[Result "0-1"]
[WhiteElo "1860"]
[BlackElo "2026"]
[EventDate "2020.08.08"]

1. e4  c5  2. Nf3  d6
3. d4  cxd4  4. Nxd4
Nf6  5. Nc3  a6
6. Be2  e5  7. Nb3  Be6
8. Bf3  Nbd7  9. Be3
b5  10. Qd2  Nb6
11. Bxb6  Qxb6  12. O-O
Be7  13. Rfe1  O-O
14. Rad1  Rac8  15. a3
Qc7  16. g3  Nd7
17. Bg2  Nb6  18. Bf1
Nc4  19. Bxc4  Bxc4
20. Qe3  Be6  21. Rd2
h6  22. h4  f5
23. Red1  f4  24. Qe2  f3
25. Qf1  Qd7  26. Kh2
Qe8  27. Nd5  Bxh4
28. Ne3  Qh5  29. g4
Bxg4  30. Nxg4  Qxg4
31. Qh3  Qxh3+  32. Kxh3
Be7  33. c3  Rf4
34. Rd3  g5  35. Nd2
g4+  36. Kg3  h5
37. Nf1  Rxe4  38. Ne3
Kf7  39. Nf5  h4+
40. Nxh4  Rh8  0-1

[Event "MCR senioru 2020 nad 50 let"]
[Site "Rychnov n. K."]
[Date "2020.08.09"]
[Round "2"]
[White "Cermak, Miroslav"]
[Black "Svarc, Roman"]
[Result "0-1"]
[WhiteElo "1837"]
[BlackElo "1981"]
[EventDate "2020.08.08"]

1. d4 Nf6 2. Bg5 c5 3. Bxf6 gxf6 4. d5 d6 5. e4 Bg7 6. f4 f5 7. c3 fxe4 8. Qa4+
Nd7 9. Qxe4 Nf6 10. Bb5+ Bd7 11. Bxd7+ Qxd7 12. Qd3 O-O 13. Nf3 e6 14. dxe6 Qxe6+
15. Kf1 Rad8 16. Nbd2 Rfe8 17. h3 Nh5 18. Re1 Qf6 19. Ne4 Qxf4 20. Kf2 d5 21.
Nxc5 Qg3+ 22. Kf1 Rxe1+ 23. Nxe1 Qxd3+ 24. Ncxd3 Ng3+ 25. Kg1 Nxh1 26. Kxh1 Re8
27. Nf3 Re2 28. Kh2 Bf8 29. h4 Kg7 30. Kh3 Kf6 31. a4 Bd6 32. g4 Re3 33. Nde1 Be5
34. Kg2 Re4 35. g5+ Kf5 36. Nd3 Bd6 37. Nd4+ Kg6 38. Nb5 Bb8 39. Nb4 Rxh4 40. Nd4
Rg4+ 0-1

[Event "MCR senioru 2020 nad 50 let"]
[Site "Rychnov n. K."]
[Date "2020.08.09"]
[Round "2"]
[White "Kalousek, Vladimir"]
[Black "Kutak, Jaroslav"]
[Result "1/2-1/2"]
[WhiteElo "1963"]
[BlackElo "1217"]
[EventDate "2020.08.08"]

1. d4  d5  2. Nf3  Nf6
3. Bf4  Nc6  4. e3
Bg4  5. Be2  e6
6. O-O  Bxf3  7. Bxf3  Bd6
8. Bxd6  Qxd6  9. c4
O-O  10. cxd5  Nxd5
11. Nc3  Nce7  12. Qb3
Nxc3  13. bxc3  Rab8
14. Rab1  c6  15. Rfd1
Rfd8  16. c4  Qc7
17. e4  b5 18. Qc3 bxc4  19.
Qxc4  Rxb1  20. Rxb1  Rb8
21. Rxb8+  Qxb8  22. g3
Qb5  23. Qc2  1/2-1/2

[Event "MCR senioru 2020 nad 50 let"]
[Site "Rychnov n. K."]
[Date "2020.08.09"]
[Round "2"]
[White "Kucera, Jiri"]
[Black "Zidu, Jan"]
[Result "1/2-1/2"]
[WhiteElo "2019"]
[BlackElo "1828"]
[EventDate "2020.08.08"]

1. e4 e6 2. d3 d5 3. Nd2 Nf6 4. Ngf3 b6 5. e5 Nfd7 6. d4 Ba6 7. c4 dxc4 8. Bxc4
Bxc4 9. Nxc4 b5 10. Ne3 Nb6 11. O-O Be7 12. Qc2 O-O 13. Bd2 Qd7 14. Rac1 Rc8 15.
Rfd1 c6 16. Ba5 Na6 17. Qe4 Nd5 18. a3 Rab8 19. b4 Nac7 20. Bxc7 Rxc7 21. Nd2 a5
22. Nxd5 cxd5 23. Rxc7 Qxc7 24. Qb1 axb4 25. axb4 Qc3 26. Nb3 Qxb4 27. Rc1 Ra8
28. Qb2 Bg5 29. Rb1 g6 30. g3 Rc8 31. Nc5 Qxb2 32. Rxb2 Rb8 33. Nd7 Ra8 34. f4
Be7 35. Rxb5 Ra4 36. Nf6+ Kg7 37. Ne8+ Kf8 38. Nf6 Kg7 1/2-1/2

[Event "MCR senioru 2020 nad 50 let"]
[Site "Rychnov n. K."]
[Date "2020.08.09"]
[Round "2"]
[White "Zatko, Michal"]
[Black "Stojanov, Dragan"]
[Result "0-1"]
[WhiteElo "1794"]
[BlackElo "1732"]
[EventDate "2020.08.08"]

1. e4  e5  2. Nf3  d5
3. Nxe5  dxe4  4. d3
Qd4  5. Nc4  Bf5
6. c3  Qd7  7. d4
Nc6  8. Bf4  Be7
9. Be2  g5  10. Be5
f6  11. Bh5+  Kf8
12. Bg3  Bg6  13. Nbd2
f5  14. Be5  Bf6
15. g4  Bxe5  16. dxe5
Bxh5  17. gxh5  Qe6
18. Qb3  Rb8  19. Qa3+
Kf7  20. O-O-O  b5
21. Na5  Nxe5  22. Ndb3
Nd3+  23. Rxd3  exd3
24. Nd4  b4  25. cxb4
Qd5  26. Rd1  Qxd4
27. Qb3+  Kg7  28. Rxd3
Qxb4  29. Rd7+  Kh6
30. Qe6+  Kxh5  31. Nb3
Qf4+  32. Nd2  Nh6
33. Qe2+  g4  34. h3
Rhe8  35. hxg4+  fxg4
36. Rd5+  Nf5  37. Qd3
Re5  0-1

[Event "MCR senioru 2020 nad 50 let"]
[Site "Rychnov n. K."]
[Date "2020.08.09"]
[Round "2"]
[White "Lorencova, Jitka"]
[Black "Vorackova, Jarmila"]
[Result "0-1"]
[WhiteElo "1331"]
[BlackElo "1816"]
[EventDate "2020.08.08"]

1. e4  c6  2. d4  d5
3. exd5  cxd5  4. Nf3
Nc6  5. c3  Bg4
6. Be2  e6  7. Nbd2  Bd6
8. b3  Nf6  9. Nf1
Qc7  10. Bg5  Ne4
11. Bd2  O-O  12. Ne3
Bxf3  13. Bxf3  Nxd2
14. Qxd2  b5  15. g3
Rab8  16. O-O  f5
17. Nc2  Ne7  18. Rae1
Rf6  19. Bg2  f4
20. Bh3  e5  21. f3
fxg3  22. hxg3  exd4
23. cxd4  Bxg3  24. Re2
Nf5  25. Bxf5  Rxf5
26. Ne1  Bf4  27. Qd3
Rg5+  28. Rg2  Bh2+
29. Kf2  Rxg2+  30. Nxg2
Qg3+  31. Ke2  Qxg2+
32. Kd1  Bf4  33. Re1
Rc8  0-1

[Event "MCR senioru 2020 nad 50 let"]
[Site "Rychnov n. K."]
[Date "2020.08.09"]
[Round "2"]
[White "Dolezal, Rudolf"]
[Black "Fakan, Petr"]
[Result "1-0"]
[WhiteElo "1616"]
[BlackElo "1360"]
[EventDate "2020.08.08"]

1. e4  d6  2. d4  g6
3. Nc3  Bg7  4. Nf3
Nf6  5. h3  O-O
6. Bc4  Nc6  7. O-O  e6
8. a3  Na5  9. Ba2
Nc6  10. Bg5  h6
11. Bh4  Bd7  12. e5
dxe5  13. dxe5  1-0

[Event "MCR senioru 2020 nad 60 let"]
[Site "Rychnov n. K."]
[Date "2020.08.09"]
[Round "2"]
[White "Vlachopulos, Georgis"]
[Black "Mojzis, Jan"]
[Result "1-0"]
[WhiteElo "1884"]
[BlackElo "2125"]
[EventDate "2020.08.08"]

1. d4  d5  2. Bg5  Bf5
3. e3  c6  4. c4
Qb6  5. Qc1  Bxb1
6. Rxb1  dxc4  7. Nf3
Qa5+  8. Kd1  b5
9. b3  cxb3  10. axb3
e6  11. Bd3  Bd6
12. Ke2  h6  13. Bh4
Ne7  14. Bxe7  Kxe7
15. e4  Rc8  16. e5
Bb4  17. Qf4  Nd7
18. Rhd1  Qd8  19. d5
a5  20. dxc6  Nb6
21. Be4  Nd5  22. Bxd5
exd5  23. Nd4  Kf8
1-0

[Event "MCR senioru 2020 nad 60 let"]
[Site "Rychnov n. K."]
[Date "2020.08.09"]
[Round "2"]
[White "Mlynek, Petr"]
[Black "Humlicek, Vojtech"]
[Result "0-1"]
[WhiteElo "2100"]
[BlackElo "1884"]
[EventDate "2020.08.08"]

1. d4  Nf6  2. c4  e6
3. g3  c5  4. Nf3
cxd4  5. Nxd4  d5
6. Bg2  Be7  7. cxd5
exd5  8. O-O  O-O
9. Nc3  Nc6  10. Bf4
a6  11. Rc1  Qb6
12. Nxc6  bxc6  13. Qc2
Bd7  14. Rfd1  Rac8
15. h3  Rfd8  16. Be3
Qb8  17. Na4  Be6
18. Nc5  Bxc5  19. Bxc5
Nd7  20. Be3  Qb5
21. a4  Qb7  22. Rd3
Ne5  23. Rb3  Qd7
24. Rb6  a5  25. b3
d4  26. Bf4  Qa7
27. Bxe5  Qxb6  28. Rb1
f6  29. Bf4  c5
30. Be4  f5  31. Bxf5  Bxf5
32. Qxf5  Qf6  33. Qd3
Qe6  34. Kh2  Re8
35. e3  Qe4  36. Qc4+
Kh8  37. Rc1  d3
38. Qc3  Qf3  39. Qd2
Red8  40. Bg5  Rd7
41. Re1  c4  42. bxc4
Rxc4  43. Rb1  Rdc7
44. Kg1  Rc8  45. e4
Rc2  46. Qe3  Qxe3
47. Bxe3  d2  48. Rf1
Kg8  49. Kg2  R8c4
50. Kf3  Rc1  51. Ke2
Rxf1  52. Bxd2  Ra1
53. Bxa5  Rxe4+  54. Kf3
Rexa4  55. Bb6  R1a3+
56. Be3  Kf7  57. h4
Kf6  58. g4  Rxe3+
0-1

[Event "MCR senioru 2020 nad 60 let"]
[Site "Rychnov n. K."]
[Date "2020.08.09"]
[Round "2"]
[White "Vagner, Ladislav"]
[Black "Malinovsky, Petr"]
[Result "1/2-1/2"]
[WhiteElo "1883"]
[BlackElo "2081"]
[EventDate "2020.08.08"]

1. d4  d5  2. Nf3  e6
3. c4  c6  4. e3
f5  5. Nc3  Bd6
6. Qc2  Nf6  7. Bd3  Ne4
8. a4  a5  9. O-O
O-O  10. b3  Qe7
11. Ne5  Nd7  12. f3
Nef6  13. f4  Ne4
14. Nb1  g5  15. Bxe4
fxe4  16. Qe2  Rf6
17. Qh5  gxf4  18. Rxf4
Rxf4  19. exf4  Nf6
20. Qh4  Bd7  21. f5
Rf8  22. Bg5  Bxe5
23. dxe5  Qc5+  24. Kf1
Ne8  25. f6  Qd4
26. Qg4  Qxa1  27. Bh6+
Kf7  28. Qh5+  Kg8
29. Qg5+  Kf7  30. Qh5+
1/2-1/2

[Event "MCR senioru 2020 nad 60 let"]
[Site "Rychnov n. K."]
[Date "2020.08.09"]
[Round "2"]
[White "Mares, Petr"]
[Black "Janda, Zdenek"]
[Result "0-1"]
[WhiteElo "1873"]
[BlackElo "2068"]
[EventDate "2020.08.08"]

1. Nf3  d6  2. g3  g6
3. Bg2  Bg7  4. d3
e5  5. e4  Ne7
6. c4  c5  7. Nc3  O-O
8. O-O  Nbc6  9. Nd5
Rb8  10. a4  f5
11. Bg5  h6  12. Bxe7  Nxe7
13. Nh4  Nxd5  14. cxd5
Qf6  15. Bh3  Kh7
16. Qe1  f4  17. Bxc8
Rbxc8  18. f3  fxg3
19. hxg3  c4  20. Qe2
cxd3  21. Qxd3  Rc7
22. Rac1  Rxc1  23. Rxc1
Qg5  24. Rc3  Qxg3+
25. Ng2  h5  26. Qe2
Qh3  27. f4  Qg4
28. Qxg4  hxg4  29. fxe5
Bxe5  30. Rc7+  Kh6
31. Ne1  Bd4+  32. Kg2
Rf2+  33. Kg3  Kg5
34. Rc4  Rd2  0-1

[Event "MCR senioru 2020 nad 60 let"]
[Site "Rychnov n. K."]
[Date "2020.08.09"]
[Round "2"]
[White "Juricek, Stanislav"]
[Black "Becvar, Miroslav"]
[Result "1-0"]
[WhiteElo "2058"]
[BlackElo "1847"]
[EventDate "2020.08.08"]

1. e4  e5  2. Nf3  Nc6
3. Nc3  Nf6  4. Bb5
d6  5. d4  Bd7
6. O-O  exd4  7. Nxd4  Be7
8. Re1  O-O  9. Bf1
Nxd4  10. Qxd4  Bc6
11. Bg5  Re8  12. f3
b6  13. Qd2  h6
14. Be3  Nd7  15. Nd5  Bb7
16. Rad1  Bf8  17. a3
Nf6  18. Bc4  Nxd5
19. Bxd5  Bxd5  20. exd5
Qd7  21. Qd3  a5
22. Bf2  Rxe1+  23. Rxe1
Re8  24. Rxe8  Qxe8
25. Qe4  Qxe4  26. fxe4
Be7  27. a4  Bf6
28. b3  Kf8  29. Kf1
Ke8  30. Ke2  Kd7
31. Kd3  Bd8  32. Kc4
c6  33. dxc6+  Kxc6
34. Bd4  g6  35. g4
Bg5  36. c3  Bd2
37. b4  Bf4  38. b5+
Kc7  39. h3  Bg5
40. Kd5  Bf4  41. c4
Bg5  42. e5 1-0

[Event "MCR senioru 2020 nad 60 let"]
[Site "Rychnov n. K."]
[Date "2020.08.09"]
[Round "2"]
[White "Marinov, Peter"]
[Black "Novotny, Josef"]
[Result "0-1"]
[WhiteElo "1850"]
[BlackElo "1968"]
[EventDate "2020.08.08"]

1. d4  e6  2. e3  d6
3. c3  Ne7  4. Bd3
Nd7  5. f4  g6
6. Nf3  Bg7  7. O-O  b6
8. Nbd2  Bb7  9. e4
Nf6  10. Qe2  a6
11. Ng5  O-O  12. e5
Nfd5  13. Nde4  b5
14. Qg4  h6  15. Qh3
Bc8  16. Bd2  Nc6
17. b3  b4  18. c4
Nc3  19. Qe3  dxe5
20. dxe5  hxg5  21. Nxg5
Qd4  22. Kh1  Qxe3
23. Bxe3  Bb7  24. Ne4
Nxe5  25. Nc5  Nxd3
26. Nxd3  Rfd8  27. Ne5
f6  28. Nxg6  Kf7
29. Nh4  Rd3  30. Rae1
Rad8  31. Nf3  Nxa2
32. Bc5  Rxb3  33. Nd4
Rb2  34. Rg1  e5
35. fxe5  fxe5  36. Ref1+
Kg8  37. Nf3  Nc3
38. Rf2  Rxf2  39. Bxf2
b3  40. Be1  e4
0-1

[Event "MCR senioru 2020 nad 60 let"]
[Site "Rychnov n. K."]
[Date "2020.08.09"]
[Round "2"]
[White "Bartos, Alois"]
[Black "Svitak, Josef"]
[Result "1-0"]
[WhiteElo "1958"]
[BlackElo "1832"]
[EventDate "2020.08.08"]

1. e4  d6  2. d4  Nf6
3. Nc3  g6  4. f4
Bg7  5. Nf3  c5
6. Bb5+  Bd7  7. Bxd7+  Qxd7
8. d5  O-O  9. O-O
Na6  10. e5  Ng4
11. h3  Nh6  12. g4
Nc7  13. Be3  b6
14. Qd2  Kh8  15. f5
Ng8  16. e6  fxe6
17. fxe6  Qc8  18. Ng5
Rxf1+  19. Rxf1  h6
20. Nf7+  Kh7  21. Ne4
Qa6  22. Qf2  Nf6
23. Neg5+  Kg8  24. Qh4
Ncxd5  25. Nxh6+  Kf8
26. Nh7+  Ke8  27. Qg5
Kd8  28. Nxf6  Nxf6
29. Qxg6  Bxh6  30. Bxh6
Kc7  31. Rxf6  exf6
32. Qf7+  Kc6  33. Qd7+
Kd5  34. e7  Qc8
35. Qb5  Qe8  36. Qb3+
c4  37. Qf3+  Ke6
38. Qe4+  Kd7  39. Bf8
b5  40. Qf5+  Kc7
41. Qxf6  Qc6  42. Qf2
d5  43. Qf4+  Kb6
44. g5  Qe6  45. Qf6
1-0

[Event "MCR senioru 2020 nad 60 let"]
[Site "Rychnov n. K."]
[Date "2020.08.09"]
[Round "2"]
[White "Divis, Libor"]
[Black "Papay, Jindrich"]
[Result "0-1"]
[WhiteElo "1801"]
[BlackElo "1935"]
[EventDate "2020.08.08"]

1. e4  d6  2. Nf3  Nf6
3. Nc3  g6  4. Bc4
Bg7  5. O-O  O-O
6. d3  c6  7. h3
b5  8. Bb3  Nbd7
9. Ne2  Nc5  10. c3
Nxb3  11. axb3  Qc7
12. Qc2  e5  13. Be3
c5  14. Ng3  Ne8
15. Qd2  f5  16. Bh6
f4  17. Bxg7  Qxg7
18. Ne2  Be6  19. c4
b4  20. Kh2  g5
21. Nfg1  h5  22. f3  a5
23. Ra2  Rf7  24. Rfa1
Rfa7  25. Nc1  Bd7
26. Qf2  Nf6  27. g4
hxg4  28. hxg4  Bxg4
29. Kg2  Bd7  30. Kf1
g4  31. Qh4  Kf7
32. Qf2  gxf3  33. Nxf3
Ng4  34. Qh4  Ne3+
35. Ke2  Bg4  36. d4 Bxf3+
0-1

[Event "MCR senioru 2020 nad 60 let"]
[Site "Rychnov n. K."]
[Date "2020.08.09"]
[Round "2"]
[White "Lepik, Jaroslav"]
[Black "Dolezal, Karel"]
[Result "1-0"]
[WhiteElo "1789"]
[BlackElo "1918"]
[EventDate "2020.08.08"]

1. d4  g6  2. c4  d6
3. Nc3  c6  4. e4
Nf6  5. Be2  Qa5
6. Bd2  Qb6  7. Bc1
Bg7  8. Nf3  Bg4
9. O-O  O-O  10. Rb1
Nbd7  11. Be3  Qc7
12. Qd2  e5  13. Rbd1
Rad8  14. Ne1  Bxe2
15. Qxe2  Nh5 16. g3  Bh8
17. Ng2  Ng7 18. f4 f5  19. Nh4
fxe4  20. Nxe4  d5
21. Nc3  exd4  22. Bxd4
Rde8  23. Qd3  Nf5
24. Nxf5  Rxf5  25. Bxh8
Kxh8  26. Qd4+  Kg8
27. cxd5  cxd5  28. g4
Rf7  29. Nxd5  Qc5
30. Nc3  Qxd4+  31. Rxd4
Nf6  32. h3  Rfe7
33. Kg2  Kf7  34. f5
g5  35. a3  h5
36. Rf2  hxg4  37. hxg4  Rc7
38. Nb5  1-0

[Event "MCR senioru 2020 nad 70 let"]
[Site "Rychnov n. K."]
[Date "2020.08.09"]
[Round "2"]
[White "Sejkora, Vlastimil"]
[Black "Haderka, Karel"]
[Result "1-0"]
[WhiteElo "2185"]
[BlackElo "1819"]
[EventDate "2020.08.08"]

1. e4  e5  2. Nf3  Nc6
3. Bb5  d6  4. d4
exd4  5. Bxc6+  bxc6
6. Qxd4  Ba6  7. c4
Qf6  8. b3  Qxd4
9. Nxd4  c5  10. Nf3
Nf6  11. Nc3  Be7
12. e5  dxe5  13. Nxe5
O-O  14. O-O  Bd6
15. Nd3  Rfe8  16. Be3
Nd7  17. Na4  Bb7
18. Rfe1  Be4  19. Naxc5
Bxd3  20. Nxd3  Ne5
21. Rad1  Ng4  22. Bf4
Bxf4  23. Nxf4  Rad8
24. Rxe8+  Rxe8  25. f3
Nf6  26. Kf2  Kf8
27. Nd5  Rd8  28. Ke2
Nxd5  29. Rxd5  Rxd5
30. cxd5  Ke7  31. Kd3
Kd6  32. Kd4  c5+
33. dxc6  Kxc6  34. Kc4
a6  35. b4  h5
36. g3  g5  37. h4  f6
38. a4  Kd6  39. Kd4
gxh4 40. gxh4  Kc6  1-0

[Event "MCR senioru 2020 nad 70 let"]
[Site "Rychnov n. K."]
[Date "2020.08.09"]
[Round "2"]
[White "Laska, Zdenek"]
[Black "Volf, Jaroslav"]
[Result "1/2-1/2"]
[WhiteElo "1833"]
[BlackElo "1966"]
[EventDate "2020.08.08"]

1. d4 Nf6 2. c4 g6 3. Nc3 d5 4. Bf4 Bg7 5. e3 c6 6. Nf3 O-O 7. h3 Nbd7 8. Bd3
dxc4 9. Bxc4 Nb6 10. Bd3 Nbd5 11. Nxd5 Nxd5 12. Be5 Bxe5 13. Nxe5 Qa5+ 14. Qd2
Qxd2+ 15. Kxd2 f6 16. Nf3 Be6 17. Bc4 Rfd8 18. Rhd1 Rac8 19. Rac1 Kf7 20. Ke1 Nc7
21. Bxe6+ Kxe6 22. Ke2 Na6 23. Rc3 Kf7 24. Rcc1 Rd5 25. Rc3 Rcd8 26. Rcc1 Rb5 27.
Rb1 Nb4 28. a3 Nd5 29. Rdc1 Nb6 30. Rc2 h5 31. g3 1/2-1/2

[Event "MCR senioru 2020 nad 70 let"]
[Site "Rychnov n. K."]
[Date "2020.08.09"]
[Round "2"]
[White "Lexa, Vaclav"]
[Black "Trojan, Lubos"]
[Result "0-1"]
[WhiteElo "1790"]
[BlackElo "1953"]
[EventDate "2020.08.08"]

1. d4 d5 2. Bf4 e6 3. e3 Bd6 4. Bg3 Ne7 5. Nf3 c5 6. c3 O-O 7. Bd3 f5 8. Nbd2 b6
9. Ne5 Bxe5 10. Bxe5 Nbc6 11. Bg3 Ng6 12. O-O e5 13. dxe5 Ncxe5 14. Be2 Bb7 15.
Nf3 Ng4 16. Qb3 Qe7 17. Rfe1 Kh8 18. h3 Nf6 19. Nh4 Ne4 20. Nxg6+ hxg6 21. Bh2 g5
22. Qc2 Rf6 23. f3 Nd6 24. Bd3 Raf8 25. Qf2 Nf7 26. Qg3 Bc8 27. Re2 c4 28. Bc2 f4
29. Qf2 Re6 30. Rae1 Re8 31. Ba4 fxe3 32. Qg3 Bd7 33. Bxd7 Qxd7 34. f4 Qe7 35.
fxg5 Nxg5 36. Qh4+ Kg8 37. Qd4 Qc5 38. Qxc5 bxc5 39. Bf4 Ne4 40. Rd1 g5 41. Bh2
Nd2 42. Bg3 d4 43. cxd4 cxd4 0-1

[Event "MCR senioru 2020 nad 70 let"]
[Site "Rychnov n. K."]
[Date "2020.08.09"]
[Round "2"]
[White "Zeman, Ladislav"]
[Black "Briza, Jiri"]
[Result "1-0"]
[WhiteElo "1771"]
[BlackElo "1911"]
[EventDate "2020.08.08"]

1. e4  e5  2. Bc4  Nf6
3. Nc3  Bc5  4. Nf3
d6  5. h3  Nc6
6. d3  h6  7. O-O  O-O
8. Nd5  Na5  9. b4
Nxd5  10. bxc5  Nf6
11. Bb3  dxc5  12. Bb2
Nxb3  13. axb3  Nd7
14. Nxe5  Nxe5  15. Bxe5
Qe7  16. Bc3  b6
17. f4  a5  18. f5
f6  19. Qg4  Bd7
20. Rf3  a4  21. bxa4
Rxa4  22. Rxa4  Bxa4
23. e5  Bxc2  24. exf6
1-0

[Event "MCR senioru 2020 nad 70 let"]
[Site "Rychnov n. K."]
[Date "2020.08.09"]
[Round "2"]
[White "Vlacil, Vladimir"]
[Black "Cermak, Tomas"]
[Result "0-1"]
[WhiteElo "1893"]
[BlackElo "1690"]
[EventDate "2020.08.08"]

1. e4  c6  2. d4  d5
3. exd5  Qxd5  4. Nc3
Qa5  5. Nf3  Bg4
6. Be2  e6  7. O-O
Nf6  8. Bd2  Be7
9. Ne4  Qd8  10. Nxf6+
Bxf6  11. c3  O-O
12. Bf4  Nd7  13. Re1
Re8  14. Qb3  Qb6
15. Qc2  Bf5  16. Bd3
Bxd3  17. Qxd3  Rac8 18. b4
a5  19. a3  Ra8
20. Bd6  Be7  21. Bc5  Qc7
22. Bxe7  Rxe7  23. Ng5
Nf6  24. Nf3  Qf4
25. Ne5  Ng4  26. Nxg4
Qxg4  27. b5  Qf4
28. bxc6  bxc6  29. Rab1
Qc7  30. Re5  Rd7
31. Rc5  Rd5  32. Qc4
Rxc5  33. Qxc5  Rb8
34. Rxb8+  Qxb8  35. h3 Qb1+
36. Kh2  Qb5 37. Qxb5  cxb5
38. Kg3  Kf8  39. Kf3
Ke7  40. Ke4 Kd6 41. f4  f5+
42. Kd3  Kd5  43. a4
bxa4  44. c4+  Kc6
45. Kc3  h6  46. Kb2
g5  47. g3  Kb6
48. Ka3  Kc6  49. Kxa4  Kb6
0-1

[Event "MCR senioru 2020 nad 70 let"]
[Site "Rychnov n. K."]
[Date "2020.08.09"]
[Round "2"]
[White "Palla, Rostislav"]
[Black "Fiser, Jiri"]
[Result "1-0"]
[WhiteElo "1640"]
[BlackElo "1871"]
[EventDate "2020.08.08"]

1. e4  g6  2. d4  Bg7
3. Nc3  d6  4. Be3
a6  5. Qd2  b5
6. a3  Nd7  7. g3  Bb7
8. Bg2  Ngf6  9. Bh6
O-O  10. Bxg7  Kxg7
11. h4  h5  12. Nh3
e5  13. d5  Qe7
14. O-O-O  Rad8  15. Qg5  Ng8
16. Qe3  Nh6  17. f3
Bc8  18. Na2  Nb6
19. Nb4  Bb7  20. Bf1
Qd7  21. Nf2  f6
22. Nbd3  a5  23. b3
c5  24. Nb2  Ra8
25. Kb1  Ba6  26. Bh3
Qc7  27. g4  hxg4
28. fxg4  Nf7  29. g5
fxg5  30. hxg5  Qe7
31. Rhg1  Rh8  32. Be6
Bc8  33. Bxc8  Raxc8
34. b4  axb4  35. axb4
Nd7  36. bxc5  Nxc5
37. Nbd3  Rh5  38. Nxc5
Rxc5  39. Nh3  b4
40. Rd3  Rc4  41. Kb2
1-0